obsessed (Lyrics)- Olivia Rodrigo - Statistics

General Stats
  • This quiz has been taken 160 times
    158 since last reset
  • The average score is 306 of 358
Answer Stats
Answer % Correct
I
100%
I'm
99%
you
99%
You
99%
her
98%
her,
98%
her?
98%
ex
97%
obsessed
97%
She
97%
she
97%
your
97%
your,
97%
be
95%
in
95%
in,
95%
know
95%
with
95%
she's
94%
She's
94%
so
94%
And
93%
and,
93%
and
93%
my
92%
bed,
91%
bed?
91%
bed
91%
been
91%
love
91%
on
91%
side
91%
ever
90%
every
90%
friends
90%
friends?
90%
of
90%
think
90%
about
89%
it,
89%
it
89%
at
88%
can
88%
If
88%
if
88%
oh,
88%
Oh,
88%
star
88%
we're
88%
asleep
86%
best
86%
But
86%
how
85%
much
85%
told
85%
me
84%
me,
84%
sign,
84%
was
84%
Is
83%
would
83%
look
82%
You'd
82%
blood
81%
can't
81%
type
81%
Do
80%
good
80%
help
80%
baby
78%
get
78%
feel
77%
no,
77%
No,
77%
wanna
77%
hurt
76%
movie
76%
pictures
76%
starin'
76%
God,
75%
God
75%
(God
75%
beautiful
74%
like
74%
loved
74%
The
74%
got
73%
knew
73%
'Cause
72%
even
72%
careful
70%
careful,
70%
crazy
70%
for
70%
it's
70%
I've
70%
Yeah
70%
da-da-da,
69%
da-da-da
69%
da-da-la,
69%
la-da-da-da-da
69%
seen
69%
staring
69%
time
69%
kids
68%
issues
67%
mistake
67%
(Ah)
66%
(Ah),
66%
kindly
66%
remember
66%
speaks
66%
detail
65%
fuckin'
65%
have
65%
La,
65%
party
65%
call
64%
don't
64%
name
64%
Well-
64%
going?
63%
life
63%
lips
63%
controlling?
61%
easy-
61%
hips
61%
those
61%
doesn't
59%
makes
59%
matter,
59%
Never
59%
fine,
58%
talented
58%
butthurt
57%
moved
57%
talk
57%
read?
56%
upset
56%
upset)
56%
tell
53%
traveled?
51%
both
50%
woah
19%
No matching quizzes found
Score Distribution
Percent of People with Each Score
Percentile by Number Answered
Your Score History
You have not taken this quiz since the last reset